000 00547nam a2200229 a 4500
001 nice12345678
003 IN_TiNIC
005 20260116013018.0
008 050524s1980 puna grp 000 0 eng
020 _a
_c100
082 0 0 _a269.2
_bBIL
100 _aBilquis, Sheikh
245 _aI Dared to Call Him Father
260 _aPune
_bWord of Life Publications
_c1980
300 _a173p
500 _aincludes index and biblioraphy
505 2 _aIndex
650 _aEvangelistic Work
902 _bSRS
942 _cBK
999 _c9274
_d9274